Personnalités nées dans les Hautes-Alpes par images - Statistiques

Statistiques générales
  • Ce quiz a été pris 61 fois
  • Le résultat moyen est 3 sur 10
Statistiques - réponses
Par images Réponse % Correct
Camille Combal
73%
Marie-Anne Chazel
58%
Sébastien Ogier
58%
Chantal Lauby
56%
Luc Alphand
54%
Joël Giraud
25%
Pierre Vaultier
10%
Laurent Artufel
4%
Anne-Marie Peysson
2%
Damien Seguin
2%
Aucun quiz correspondant
Distribution des résultats
% des personnes avec chaque résultat
Percentile par nombre de réponses
Votre historique - résultats
Vous n’avez pas pris ce quiz